000 00944nam a2200241 i 4500
001 70191
003 ES-MaACL
005 20230906170739.0
007 t|
008 040720s1982 sp ||||1| spa d
020 _a84-7481-188-0
100 1 _aGarcía Pérez, Jesús.
_9187509
245 1 3 _aLa sinfisiotomía
_b: su incorporación a la tocurgia en Europa : su divulgación en Europa /
_cJesús García Pérez.
260 _aSalamanca :
_b[Universidad de Salamanca, Cátedra de Historia de la Medicina],
_c1982.
300 _a52 p. ;
_c20 cm.
490 1 _aTrabajos de la Cátedra de Historia de la Medicina ;
_v9
504 _aBibliografía: p. 47-52. Índice.
650 1 4 _aSinfisiotomía.
_9200339
710 2 _aUniversidad de Salamanca.
_bCátedra de Historia de la Medicina.
_97278
830 0 _aTrabajos de la Cátedra de Historia de la Medicina ;
_v9
_9231027
852 _aES-MaACL
_jL-2690
_bR.103426
999 _c70191
_d70191